[Event "38. Biel International - Dames Accentus"]
[Site "Biel SUI"]
[Date "2005.07.27"]
[Round "10.3"]
[White "Gaponenko, Inna"]
[Black "Sedina, Elena"]
[Result "1/2-1/2"]
[WhiteElo "2439"]
[BlackElo "2402"]
[PlyCount "44"]
[EventDate "2005.07.18"]
[EventType "tourn"]
[EventRounds "10"]
[EventCountry "SUI"]
[EventCategory "7"]
[Source "lmi"]
[SourceDate "2005.07.27"]

1. e4 e6 2. d4 d5 3. exd5 exd5 4. Nf3 Nc6 5. Bb5 Bd6 6. c4 dxc4 7. d5 a6 8. Ba4
b5 9. dxc6 bxa4 10. O-O Ne7 11. Qxa4 O-O 12. Nbd2 Qe8 13. Nxc4 Qxc6 14. Qxc6
Nxc6 15. Nxd6 cxd6 16. Rd1 Rd8 17. Bf4 d5 18. Rac1 Bb7 19. Nd4 Nxd4 20. Rxd4
Rac8 21. Rxc8 Rxc8 22. h3 Rc4 1/2-1/2